Quelles villes sont au Nord de Paris ? - Statistiques

Statistiques générales
  • Ce quiz a été pris 257 fois
  • Le résultat moyen est 10 sur 15
Answers on the Grid
Answers color-coded by a green-red scale on the quiz's grid according to % correct below.
Londres
Naples
Athènes
Amsterdam
Bruxelles
Rome
Barcelone
Los Angeles
Copenhague
Berlin
Oslo
Tokyo
Madrid
Stockholm
Mexico
Helsinki
Kiev
Nice
Reykjavik
Luxembourg
Vienne
Lisbonne
Talinn
Vilnius
Bangkok
Marseille
Kuala Lumpur
Hanoï
Florence
Varsovie
 
Statistiques - réponses
Réponse % Correct
Londres
98%
Amsterdam
93%
Bruxelles
92%
Oslo
88%
Copenhague
85%
Berlin
74%
Helsinki
72%
Stockholm
69%
Reykjavik
62%
Luxembourg
61%
Vilnius
58%
Talinn
56%
Varsovie
52%
Kiev
28%
Vienne
17%
Aucun quiz correspondant
Distribution des résultats
% des personnes avec chaque résultat
Percentile par nombre de réponses
Votre historique - résultats
Vous n’avez pas pris ce quiz